000 00815nas a2200277 4500
001 BR0902164
003 BR-BrBNA
005 20231205112646.0
007 ta
008 230509b bl.|||p| |||| 00| 00por d
040 _aBR-BrBNA
_bpor
_cBiblioteca Nacional de Agricultura
041 _a(Pt)
072 _aH20
100 1 _aVerzignassi, J.R.
100 1 _aPoltronieri, L.S.
100 1 _aBenchimol, R.L.
100 1 _aJunqueira, N.T.V.
245 1 _aMaracujazeiro, novo hospedeiro de Sclerotium rolfsii no Pará
650 _aMARACUJÁ
650 _aHOSPEDEIRO VEGETAL
650 _aPODRIDÃO
650 _aPARA
773 0 _tRevista de Ciencias Agrarias (Brazil)
_xISSN 1517-591X
_g(Jan-Jun 2008), (no. 49) p. 183-186
_wBR0902164
909 _a202311
_bLúcia
_c55
_dLúcia Elande
942 _2AGRIS
_n0
_cANA
999 _c199222
_d199222